Egotist / (Record no. 3634)

MARC details
000 -LEADER
fixed length control field 00941nam a22002417a 4500
001 - CONTROL NUMBER
control field 3634
003 - CONTROL NUMBER IDENTIFIER
control field FISKH
005 - DATE AND TIME OF LATEST TRANSACTION
control field 20240401135811.0
008 - FIXED-LENGTH DATA ELEMENTS--GENERAL INFORMATION
fixed length control field 240401b cb ||||| |||| 00| 0 eng d
040 ## - CATALOGING SOURCE
Original cataloging agency FISK
Language of cataloging eng
Transcribing agency FISK
Modifying agency FISK
050 ## - LIBRARY OF CONGRESS CALL NUMBER
Classification number DC203.H57
082 ## - DEWEY DECIMAL CLASSIFICATION NUMBER
Classification number 944.05
100 ## - MAIN ENTRY--PERSONAL NAME
Personal name Heuston Burton Kimberley
Dates associated with a name 1960
245 ## - TITLE STATEMENT
Title Egotist /
Remainder of title Napoleon emperor and conqueror
Statement of responsibility, etc. Kimberley Burton Heuston
260 ## - PUBLICATION, DISTRIBUTION, ETC.
Place of publication, distribution, etc. New York :
Name of publisher, distributor, etc. Scholastic,
Date of publication, distribution, etc. 2010
300 ## - PHYSICAL DESCRIPTION
Extent 128 pages :
Other physical details illustrations,
Dimensions 19 cm
505 ## - FORMATTED CONTENTS NOTE
Formatted contents note U
520 ## - SUMMARY, ETC.
Summary, etc. An engaging biography of Napoleon Bonaparte--one of the most brilliant and reckless generals in history--who declared himself emperor of France in 1804, conquered lands from Portugal to Poland, made kings and queens of his family members, and nearly brought all of Europe to its knees.
521 8# - TARGET AUDIENCE NOTE
Target audience note 990
Source Lexile
700 ## - ADDED ENTRY--PERSONAL NAME
Personal name Kimberley Burton Heuston
942 ## - ADDED ENTRY ELEMENTS (KOHA)
Source of classification or shelving scheme Dewey Decimal Classification
Koha item type Books
Suppress in OPAC No
Holdings
Withdrawn status Lost status Source of classification or shelving scheme Damaged status Not for loan Collection Home library Current library Shelving location Date acquired Total Checkouts Full call number Barcode Date last seen Copy number Price effective from Koha item type
    Dewey Decimal Classification     Non-Fiction Footprints International School Library Network Toul Kork Campus Footprints International School Library Network Toul Kork Campus   04/01/2024   HEU DC203.H57 944.05 2024-0429 04/01/2024 1 04/01/2024 Books